00576nam a22001937a 450000500170000001000150001702000260003203500140005803700130007208200110008510000170009624500900011325000100020326000390021327000720025230000210032470000150034570000220036020241204120800.0 aENG-142832 c350.00a9789394899773 aEN-126364 bDBAD/PUB a006.31 aG, RAMAJAYAM aMACHINE LEARNING WITH DATA SCIENCEcBy Ramajayam G, S. Malathi & K. Sathiesh Kumar aFirst a Tamil Nadu bShanlax Publication, bTamil Nadua61,66,T.P.K Main Road, Vasantha Nagar, Madurai,e625003 a225p.c25cm(pbk) aS. Malathi aK. Sathiesh Kumar